|
|
|
|
| LEADER |
00958nam a2200229 i 4500 |
| 001 |
misc47633 |
| 005 |
20201015115347.0 |
| 007 |
tz | |||||||| |
| 008 |
200603s1956 hu o 0|| hun d |
| 040 |
|
|
|a SZTE Miscellanea Repozitórium
|b hun
|
| 041 |
|
|
|a hun
|
| 245 |
0 |
0 |
|a Munkások! Értelmiségiek! Fiatalok!
|h [elektronikus dokumentum]
|
| 260 |
|
|
|a K. n.
|b H. n.
|c 1956
|
| 300 |
|
|
|a 1 fol.
|c 21 x 14,5 cm
|
| 561 |
|
|
|a 1956-os plakátok és szórólapok
|
| 650 |
|
4 |
|a Bölcsészettudományok
|
| 650 |
|
4 |
|a Történettudomány és régészet
|
| 650 |
|
4 |
|a Történettudomány
|
| 650 |
|
4 |
|a Társadalom-, gazdaság-, kultúra- és politikatörténet
|
| 650 |
|
4 |
|a Újkori és jelenkori történelem
|
| 695 |
|
|
|a Magyarország története - 1956 - forrás, Forradalom - Magyarország - 1956, Politikai párt - Magyarország - 1956 - forrás, Magyar Szocialista Munkáspárt
|
| 856 |
4 |
0 |
|u http://misc.bibl.u-szeged.hu/47633/1/MS_1500_007_016.pdf
|z Dokumentum-elérés
|